INTERNATIONAL RELATIONS (Record no. 19782)

MARC details
000 -LEADER
fixed length control field 00305nam a22001457a 4500
003 - CONTROL NUMBER IDENTIFIER
control field SGT
020 ## - INTERNATIONAL STANDARD BOOK NUMBER
International Standard Book Number 9788120352407
082 ## - DEWEY DECIMAL CLASSIFICATION NUMBER
Classification number 327
Item number GHO
100 ## - MAIN ENTRY--PERSONAL NAME
Personal name GHOSH ,PEU
245 ## - TITLE STATEMENT
Title INTERNATIONAL RELATIONS
250 ## - EDITION STATEMENT
Edition statement 4
260 ## - PUBLICATION, DISTRIBUTION, ETC. (IMPRINT)
Place of publication, distribution, etc DELHI
Name of publisher, distributor, etc PHI LEARNING
Year of Publication 2019
300 ## - PAGE DESCRIPTION
No. of Pages XVI ,520
942 ## - ADDED ENTRY ELEMENTS (KOHA)
Source of classification or shelving scheme Dewey Decimal Classification
Koha item type Books
942 ## - ADDED ENTRY ELEMENTS (KOHA)
-- 1
Holdings
Withdrawn status Lost status Source of classification or shelving scheme Damaged status Not for loan Collection code Home library Current library Shelving location Date acquired Vendor Name Cost, normal purchase price SGTU Bill Number Total Checkouts Full call number Accession No. (Barcode) Date last seen Bill Date Koha item type Date last borrowed
    Dewey Decimal Classification     LAW SGT Science & Social Sciences Library SGT Science & Social Sciences Library Text Book 18/02/2020 COMMERCIAL BOOK HOUSE 395.00 SGTU 2559   327 GHO FL2469 18/02/2020 20/01/2020 Books  
    Dewey Decimal Classification     LAW SGT Science & Social Sciences Library SGT Science & Social Sciences Library Text Book 18/02/2020 COMMERCIAL BOOK HOUSE 395.00 SGTU 2559 1 327 GHO FL2470 14/05/2026 20/01/2020 Books 09/05/2026
    Dewey Decimal Classification     LAW SGT Science & Social Sciences Library SGT Science & Social Sciences Library Text Book 18/02/2020 COMMERCIAL BOOK HOUSE 395.00 SGTU 2559 2 327 GHO FL2471 29/09/2021 20/01/2020 Books 21/09/2021
    Dewey Decimal Classification     LAW SGT Science & Social Sciences Library SGT Science & Social Sciences Library Text Book 18/02/2020 COMMERCIAL BOOK HOUSE 395.00 SGTU 2559   327 GHO FL2472 18/02/2020 20/01/2020 Books  
    Dewey Decimal Classification   Not For Loan LAW SGT Science & Social Sciences Library SGT Science & Social Sciences Library Reference Book 18/02/2020 COMMERCIAL BOOK HOUSE 395.00 SGTU 2559   327 GHO FL2473 18/02/2020 20/01/2020 Books